| 000 | 01333nam0a22003251 4500 | ||
|---|---|---|---|
| 001 | rc\3148268 | ||
| 005 | 20201202150037.0 | ||
| 021 |
_aRU _b[75-59641] |
||
| 035 | _a(NLR Aleph) 007295071 | ||
| 090 |
_a5650726 _c5650725 |
||
| 100 | _a20120615d1975 |||y0rusy50 ca | ||
| 101 | 0 | _arus | |
| 102 | _aRU | ||
| 105 | _aa z |||a| | ||
| 200 | 1 |
_aПовести покойного Ивана Петровича Белкина _f[Ил.: М.А. Ветик] |
|
| 210 |
_aМинск _cНар. асвета _d1975 |
||
| 215 |
_a64 с. _cил. _d20 |
||
| 225 | 1 | _aШкольная библиотека | |
| 300 | _aНа обл. загл.: Повести Белкина | ||
| 327 | 1 | _aСодерж.: Выстрел; Метель; Гробовщик; Станционный смотритель; Барышня-крестьянка | |
| 464 | 0 | _12001#$aВыстрел$aМетель$aГробовщик$aСтанционный смотритель$aБарышня-крестьянка | |
| 512 | 1 | _aПовести Белкина | |
| 700 | 1 |
_aПушкин _bА. С. _cпоэт _f1799-1837 _gАлександр Сергеевич _3RU\NLR\AUTH\77386 |
|
| 702 | 1 |
_aВетик _bМ. А. _4440 |
|
| 801 | 0 |
_aRU _bNLR _gpsbo |
|
| 801 | 1 |
_aRU _bELAR _2rusmarc |
|
| 852 |
_aNLR _jПушкин/2-П-42-71 |
||
| 942 | _cBOOK | ||
| 980 | _aNB | ||